[Event "Deutsche Ländermeisterschaft 2014"]
[Site "Hannover GER"]
[Date "2014.10.05"]
[Round "4"]
[White "Moritz, Aron"]
[Black "Möhn, Hans"]
[Result "1/2-1/2"]
[Termination "normal"]
[Board "6.1"]
[WhiteElo "2177"]
[BlackElo "2270"]
[WhiteTeam "Berlin"]
[BlackTeam "Sachsen"]
[PlyCount "64"]
[WhiteFideId "24672319"]
[BlackFideId "24647837"]
[EventCountry "GER"]
[EventRounds "7"]
[EventType "team-swiss"]
[EventDate "2014.10.02"]

1. e4 c6 2. d4 d5 3. exd5 cxd5 4. Bd3 Nc6 5. c3 Nf6 6. Bf4 g6 7. h3 Bf5 8. Bxf5
gxf5 9. Nd2 Rg8 10. Qf3 e6 11. Ne2 Ne7 12. g3 Ng6 13. Bg5 Be7 14. O-O-O Ne4 15.
Bxe7 Qxe7 16. Nxe4 fxe4 17. Qh5 O-O-O 18. f3 f5 19. fxe4 fxe4 20. Rhf1 Rgf8 21.
Qg4 Rf6 22. h4 Rdf8 23. Rxf6 Qxf6 24. h5 Ne7 25. Nf4 Nf5 26. Rg1 Kd7 27. Kb1
Qg7 28. Qd1 Nd6 29. Qa4+ Ke7 30. Qa5 Kd7 31. Qa4+ Ke7 32. Qa5 Kd7 1/2-1/2

[Event "Deutsche Ländermeisterschaft 2014"]
[Site "Hannover GER"]
[Date "2014.10.05"]
[Round "4"]
[White "Richter, Leonard"]
[Black "Sawlin, Leonid"]
[Result "0-1"]
[Termination "normal"]
[Board "6.2"]
[WhiteElo "2130"]
[BlackElo "2143"]
[WhiteTeam "Sachsen"]
[BlackTeam "Berlin"]
[PlyCount "44"]
[WhiteFideId "12900290"]
[BlackFideId "4689542"]
[EventCountry "GER"]
[EventRounds "7"]
[EventType "team-swiss"]
[EventDate "2014.10.02"]

1. e4 g6 2. d4 c6 3. Nc3 Bg7 4. f4 d5 5. e5 f6 6. Nf3 Nh6 7. Bd3 Bg4 8. O-O O-O
9. Na4 Nd7 10. h3 Bxf3 11. Rxf3 Qa5 12. c3 fxe5 13. b4 Qc7 14. fxe5 b6 15.
Rxf8+ Nxf8 16. Bxh6 Bxh6 17. Qg4 a5 18. b5 Bd2 19. Qf3 Ne6 20. Rf1 Rf8 21. Qg3
Nf4 22. Rf2 Be1 0-1

[Event "Deutsche Ländermeisterschaft 2014"]
[Site "Hannover GER"]
[Date "2014.10.05"]
[Round "4"]
[White "Schmidek, Emil"]
[Black "Urban, Konstantin"]
[Result "1-0"]
[Termination "normal"]
[Board "6.3"]
[WhiteElo "2108"]
[BlackElo "1991"]
[WhiteTeam "Berlin"]
[BlackTeam "Sachsen"]
[PlyCount "67"]
[WhiteFideId "12908150"]
[BlackFideId "12927511"]
[EventCountry "GER"]
[EventRounds "7"]
[EventType "team-swiss"]
[EventDate "2014.10.02"]

1. e4 c5 2. Nf3 d6 3. d4 cxd4 4. Nxd4 Nf6 5. Nc3 a6 6. Bg5 Nbd7 7. Bc4 e6 8.
O-O b5 9. Bxe6 fxe6 10. Nxe6 Qb6 11. Nd5 Qb7 12. Nec7+ Kf7 13. Nxa8 Qxa8 14.
Bxf6 Nxf6 15. Nb6 Qc6 16. Nxc8 Qxc8 17. Qd3 Qc4 18. a4 Be7 19. axb5 axb5 20.
Ra7 Qxd3 21. cxd3 d5 22. e5 Ng4 23. d4 Rc8 24. h3 Nh6 25. g4 Rc2 26. f4 Ng8 27.
f5 h6 28. h4 Rd2 29. f6 gxf6 30. exf6 Nxf6 31. g5 hxg5 32. hxg5 Kg6 33. gxf6
Bxf6 34. Ra6 1-0

[Event "Deutsche Ländermeisterschaft 2014"]
[Site "Hannover GER"]
[Date "2014.10.05"]
[Round "4"]
[White "Zienert, Richard"]
[Black "Greßmann, Moritz"]
[Result "1/2-1/2"]
[Termination "normal"]
[Board "6.4"]
[WhiteElo "1996"]
[BlackElo "1977"]
[WhiteTeam "Sachsen"]
[BlackTeam "Berlin"]
[PlyCount "92"]
[WhiteFideId "12945986"]
[BlackFideId "24695084"]
[EventCountry "GER"]
[EventRounds "7"]
[EventType "team-swiss"]
[EventDate "2014.10.02"]

1. e4 Nf6 2. e5 Nd5 3. d4 d6 4. c4 Nb6 5. exd6 cxd6 6. Nc3 g6 7. Be3 Bg7 8. Rc1
O-O 9. b3 Nc6 10. Nf3 Bg4 11. Be2 e5 12. dxe5 dxe5 13. c5 Nd7 14. O-O Bf5 15.
Nb5 e4 16. Nfd4 Nde5 17. Nxf5 gxf5 18. Nd6 Qf6 19. f3 exf3 20. Bxf3 Rad8 21.
Bxc6 Nxc6 22. Qf3 Ne5 23. Qxf5 Qxf5 24. Rxf5 Ng4 25. Bf2 Nxf2 26. Kxf2 Bd4+ 27.
Kf1 Bxc5 28. Nxb7 Ba3 29. Nxd8 Bxc1 30. Nc6 Ra8 31. Ke2 Re8+ 32. Kd3 Re3+ 33.
Kc2 Ba3 34. Kd2 Re6 35. Nxa7 Ra6 36. Nb5 Bb4+ 37. Kd3 Rxa2 38. Rg5+ Kf8 39. Kc4
Be7 40. Rg3 Rc2+ 41. Kd3 Rb2 42. Ke4 h5 43. Nd4 h4 44. Rg4 Bf6 45. Kf5 Bxd4 46.
Rxd4 h3 1/2-1/2

[Event "Deutsche Ländermeisterschaft 2014"]
[Site "Hannover GER"]
[Date "2014.10.05"]
[Round "4"]
[White "Denkert, Anna"]
[Black "Moses, Selina"]
[Result "1-0"]
[Termination "normal"]
[Board "6.5"]
[WhiteElo "1712"]
[BlackElo "1908"]
[WhiteTeam "Berlin"]
[BlackTeam "Sachsen"]
[PlyCount "51"]
[WhiteFideId "12938122"]
[BlackFideId "12908070"]
[EventCountry "GER"]
[EventRounds "7"]
[EventType "team-swiss"]
[EventDate "2014.10.02"]

1. e4 c5 2. Nc3 Nc6 3. g3 g6 4. Bg2 Bg7 5. d3 e6 6. Be3 d6 7. Qd2 Rb8 8. f4
Nge7 9. e5 Nf5 10. Ne4 Ncd4 11. c3 Nxe3 12. Nxd6+ Ke7 13. cxd4 cxd4 14. Nf3 Qb6
15. Ng5 Bd7 16. Rc1 f5 17. Nc4 Nxg2+ 18. Qxg2 Qc6 19. Qxc6 Bxc6 20. O-O Kd7 21.
Nd6 a6 22. Rc4 Bd5 23. Rc2 h6 24. Ngf7 Rhf8 25. b4 Ke7 26. Rc7# 1-0

[Event "Deutsche Ländermeisterschaft 2014"]
[Site "Hannover GER"]
[Date "2014.10.05"]
[Round "4"]
[White "Preißler, Niklas"]
[Black "Greßmann, Hanna"]
[Result "1/2-1/2"]
[Termination "normal"]
[Board "6.6"]
[WhiteElo "1795"]
[BlackElo "1565"]
[WhiteTeam "Sachsen"]
[BlackTeam "Berlin"]
[PlyCount "76"]
[WhiteFideId "12927554"]
[BlackFideId "12930709"]
[EventCountry "GER"]
[EventRounds "7"]
[EventType "team-swiss"]
[EventDate "2014.10.02"]

1. d4 d5 2. Bf4 e6 3. e3 f5 4. Nf3 Nf6 5. Bd3 Be7 6. Nbd2 Nbd7 7. h3 Ne4 8. Ne5
O-O 9. c4 c6 10. O-O Ndf6 11. Ndf3 Qe8 12. Rc1 Nh5 13. Bh2 g5 14. a3 Nhf6 15.
b4 Qh5 16. Nd2 Qh6 17. c5 Nd7 18. b5 Nxe5 19. Bxe5 Bd7 20. a4 Qg6 21. Bh2 Qe8
22. bxc6 Bxc6 23. a5 a6 24. Nxe4 fxe4 25. Be2 Bf6 26. Bd6 Be7 27. Be5 Bf6 28.
Bd6 Be7 29. Bxe7 Qxe7 30. Qb3 e5 31. dxe5 Qxe5 32. Qc3 Qxc3 33. Rxc3 Rf6 34.
Rfc1 Raf8 35. Rf1 Rd8 36. Rd1 Rdf8 37. Rf1 Rd8 38. Rd1 Rdf8 1/2-1/2

[Event "Deutsche Ländermeisterschaft 2014"]
[Site "Hannover GER"]
[Date "2014.10.05"]
[Round "4"]
[White "Dathe, Frederick"]
[Black "Bui, Ngoc Han Julia"]
[Result "1/2-1/2"]
[Termination "normal"]
[Board "6.7"]
[WhiteElo "1654"]
[BlackElo "1492"]
[WhiteTeam "Berlin"]
[BlackTeam "Sachsen"]
[PlyCount "90"]
[WhiteFideId "12963070"]
[BlackFideId "12977055"]
[EventCountry "GER"]
[EventRounds "7"]
[EventType "team-swiss"]
[EventDate "2014.10.02"]

1. d4 Nf6 2. c4 g6 3. Nc3 d5 4. Nf3 Bg7 5. Bf4 O-O 6. e3 e6 7. Be2 b6 8. O-O
Bb7 9. h3 Nbd7 10. Rc1 c5 11. cxd5 cxd4 12. exd4 Nxd5 13. Bd6 Re8 14. Nb5 Bh6
15. Rc2 Ba6 16. Bc7 Qe7 17. Nd6 Bxe2 18. Qxe2 Nxc7 19. Nxe8 Nxe8 20. Qb5 Nd6
21. Qa6 Qd8 22. Rd1 Nf5 23. Re1 Ne7 24. Qb7 Nd5 25. a3 a5 26. Ne5 Nxe5 27. dxe5
Qb8 28. Qc6 Qe8 29. Qc4 Qb8 30. Qc6 Qe8 31. Qc4 Qd8 32. Qc6 Bg7 33. g3 Qb8 34.
Ree2 Qe8 35. Qc4 Rb8 36. f4 Qd7 37. Kh2 Qb7 38. Rc1 Bf8 39. Qd3 Bc5 40. h4 Kg7
41. Kh3 Rd8 42. Qb3 Qa6 43. Rcc2 Qa8 44. Rcd2 Rc8 45. Qf3 Qc6 1/2-1/2

[Event "Deutsche Ländermeisterschaft 2014"]
[Site "Hannover GER"]
[Date "2014.10.05"]
[Round "4"]
[White "Von Jan, Lena"]
[Black "Schnabel, Luise"]
[Result "0-1"]
[Termination "normal"]
[Board "6.8"]
[WhiteElo "1335"]
[BlackElo "1369"]
[WhiteTeam "Sachsen"]
[BlackTeam "Berlin"]
[PlyCount "84"]
[WhiteFideId "12946060"]
[BlackFideId "12943347"]
[EventCountry "GER"]
[EventRounds "7"]
[EventType "team-swiss"]
[EventDate "2014.10.02"]

1. e4 d6 2. d4 Nf6 3. Bd3 g6 4. h3 Bg7 5. Nf3 O-O 6. Nbd2 c5 7. c3 cxd4 8. Nxd4
Nc6 9. N2f3 e5 10. Ne2 d5 11. exd5 Nxd5 12. Ng3 Re8 13. Be4 Be6 14. O-O f5 15.
Bc2 h6 16. Bb3 Bf7 17. Qc2 Qc7 18. Rd1 Rad8 19. Ba4 a6 20. Re1 b5 21. Bb3 a5
22. Qe2 b4 23. cxb4 Ndxb4 24. Bxf7+ Qxf7 25. a3 Nd3 26. Rd1 e4 27. Nh2 Nd4 28.
Qd2 Nb3 29. Qe2 Nxa1 30. Bxh6 Bxh6 31. Rxa1 Qb3 32. Rb1 Rc8 33. Nhf1 Rc2 34.
Qd1 Rec8 35. Ne2 Qb6 36. Kh2 Qxf2 37. Nfg3 f4 38. Nxe4 Qxe2 39. Qxe2 Rxe2 40.
Nf6+ Kg7 41. Ng4 Rc1 42. Rxc1 Nxc1 0-1

[Event "Deutsche Ländermeisterschaft 2014"]
[Site "Hannover GER"]
[Date "2014.10.05"]
[Round "4"]
[White "Baskin, Robert"]
[Black "Weber, Max"]
[Result "1-0"]
[Termination "normal"]
[Board "7.1"]
[WhiteElo "2170"]
[BlackElo "2188"]
[WhiteTeam "Hessen 2"]
[BlackTeam "Mecklenburg-Vorpommern"]
[PlyCount "63"]
[WhiteFideId "24662402"]
[BlackFideId "4624831"]
[EventCountry "GER"]
[EventRounds "7"]
[EventType "team-swiss"]
[EventDate "2014.10.02"]

1. e4 c5 2. Nf3 e6 3. d4 cxd4 4. Nxd4 Nc6 5. Nc3 Qc7 6. Be2 Nf6 7. O-O a6 8.
Be3 Be7 9. f4 d6 10. a4 O-O 11. Qe1 Nxd4 12. Bxd4 e5 13. Be3 exf4 14. Rxf4 Be6
15. Qg3 Nd7 16. Raf1 Ne5 17. Bd4 Rfe8 18. Bd3 Bf8 19. Nd5 Bxd5 20. exd5 Re7 21.
Bxe5 dxe5 22. Bxh7+ Kxh7 23. Rh4+ Kg8 24. Qh3 Qb6+ 25. Kh1 f6 26. Rh8+ Kf7 27.
Qh5+ g6 28. Qh7+ Ke8 29. Qxg6+ Kd7 30. Rxf6 Qxb2 31. Qf5+ Kc7 32. d6+ 1-0

[Event "Deutsche Ländermeisterschaft 2014"]
[Site "Hannover GER"]
[Date "2014.10.05"]
[Round "4"]
[White "Ispirjan, Mikael"]
[Black "Grimm, Julius"]
[Result "0-1"]
[Termination "normal"]
[Board "7.2"]
[WhiteElo "1963"]
[BlackElo "2026"]
[WhiteTeam "Mecklenburg-Vorpommern"]
[BlackTeam "Hessen 2"]
[PlyCount "104"]
[WhiteFideId "1271217"]
[BlackFideId "12916986"]
[EventCountry "GER"]
[EventRounds "7"]
[EventType "team-swiss"]
[EventDate "2014.10.02"]

1. e4 c6 2. Ne2 d5 3. e5 d4 4. b4 c5 5. Bb2 Nc6 6. bxc5 e6 7. Nf4 Bxc5 8. Nd3
Bb6 9. Qg4 g6 10. Na3 Qd5 11. Be2 Nh6 12. Qg5 Nf5 13. Bf3 Qd8 14. Qf4 g5 15.
Qe4 Na5 16. Qe2 Bd7 17. Be4 Nh4 18. g3 Ng6 19. O-O Bc6 20. Rab1 Qe7 21. Qf3 Rc8
22. Bxc6+ bxc6 23. Qe4 O-O 24. Kh1 Kh8 25. Rbd1 Qd7 26. Kg1 Qd5 27. Qg4 h6 28.
Nb4 Qd7 29. Nd3 c5 30. Ne1 Nxe5 31. Qh5 f6 32. f4 Nf7 33. Qg6 Qe7 34. fxg5 Nxg5
35. h4 Qh7 36. Rxf6 Qxg6 37. Rxg6 Kh7 38. h5 Nc6 39. c3 Ne5 40. cxd4 cxd4 41.
Rxg5 hxg5 42. Kg2 g4 43. Nb5 Nf3 44. Ba3 Bc5 45. Bxc5 Rxc5 46. a4 Rxh5 47. Nxf3
gxf3+ 48. Kf2 e5 49. Nd6 Rh2+ 50. Kg1 Rg2+ 51. Kf1 Kg6 52. d3 Rh8 0-1

[Event "Deutsche Ländermeisterschaft 2014"]
[Site "Hannover GER"]
[Date "2014.10.05"]
[Round "4"]
[White "Stabernack, Joschi"]
[Black "Schumann, Rabea"]
[Result "1/2-1/2"]
[Termination "normal"]
[Board "7.3"]
[WhiteElo "2061"]
[BlackElo "1708"]
[WhiteTeam "Hessen 2"]
[BlackTeam "Mecklenburg-Vorpommern"]
[PlyCount "79"]
[WhiteFideId "12937258"]
[BlackFideId "12918199"]
[EventCountry "GER"]
[EventRounds "7"]
[EventType "team-swiss"]
[EventDate "2014.10.02"]

1. e4 c6 2. d4 d5 3. e5 c5 4. dxc5 Nc6 5. Nf3 e6 6. Be3 Nge7 7. Bd3 Qc7 8. Bf4
Ng6 9. Bxg6 hxg6 10. Qd3 Bxc5 11. O-O Bd7 12. c3 Ne7 13. Nbd2 a6 14. a4 b5 15.
b3 Rd8 16. Rfc1 Qb6 17. Qe2 Qb7 18. Be3 Bb6 19. Bxb6 Qxb6 20. c4 bxc4 21. bxc4
Rc8 22. cxd5 Rxc1+ 23. Rxc1 Nxd5 24. Nc4 Qb4 25. Nd6+ Ke7 26. Qxa6 Qxa4 27. Qe2
f6 28. exf6+ gxf6 29. Ne4 Ra8 30. Qe1 Qa3 31. Nc5 Ra5 32. Nxd7 Kxd7 33. h3 Rc5
34. Ra1 Qc3 35. Qb1 Qc2 36. Qb7+ Rc7 37. Qb5+ Qc6 38. Qd3 Qc3 39. Qb5+ Qc6 40.
Qd3 1/2-1/2

[Event "Deutsche Ländermeisterschaft 2014"]
[Site "Hannover GER"]
[Date "2014.10.05"]
[Round "4"]
[White "Schmekel, Florian"]
[Black "Spitzl, Vinzent"]
[Result "1-0"]
[Termination "normal"]
[Board "7.4"]
[WhiteElo "1792"]
[BlackElo "1964"]
[WhiteTeam "Mecklenburg-Vorpommern"]
[BlackTeam "Hessen 2"]
[PlyCount "159"]
[WhiteFideId "12913456"]
[BlackFideId "12901253"]
[EventCountry "GER"]
[EventRounds "7"]
[EventType "team-swiss"]
[EventDate "2014.10.02"]

1. d4 d5 2. c4 e6 3. Nc3 Be7 4. cxd5 exd5 5. Bf4 c6 6. e3 Bf5 7. g4 Bg6 8. h4
h6 9. h5 Bh7 10. Nge2 Bd6 11. Bxd6 Qxd6 12. Qb3 Nd7 13. Nf4 Ngf6 14. Be2 Ne4
15. Nxe4 Bxe4 16. f3 Bh7 17. O-O-O O-O-O 18. Bd3 Bxd3 19. Rxd3 Kb8 20. Kb1 Ka8
21. Rc1 Rhe8 22. Qc2 Nb6 23. b3 Re7 24. Kb2 Qb4 25. a3 Nc4+ 26. Qxc4 dxc4 27.
axb4 cxd3 28. Ng2 Kb8 29. Kc3 b6 30. Kxd3 Rc7 31. Ke2 Kb7 32. Nf4 Re7 33. Kd2
Rde8 34. e4 Rd7 35. Ke3 Red8 36. d5 cxd5 37. Nxd5 Re8 38. Kd4 Re6 39. b5 Red6
40. Ra1 Rf6 41. Ke3 Rfd6 42. Kd4 Rc7 43. b4 Rc2 44. Ra3 Rb2 45. Ke5 Re6+ 46.
Kf5 Rc2 47. Ra1 Rf2 48. Ra3 Rc2 49. Ra1 Rc8 50. Ra3 Rd8 51. Rc3 Rd7 52. Rc4
Red6 53. Ke5 Re6+ 54. Kf5 Re8 55. Rc3 Ra8 56. Rc2 Rad8 57. Ke5 Ra8 58. Kf5 a5
59. Rc6 a4 60. Nxb6 Rd3 61. Nxa8 Rxf3+ 62. Ke5 Kxa8 63. Ra6+ Kb7 64. Rxa4 Kb6
65. Ra8 Kxb5 66. Rb8+ Kc4 67. Rg8 Kxb4 68. Rxg7 Kc5 69. Rh7 f6+ 70. Ke6 Rf4 71.
Rxh6 Rxg4 72. Rxf6 Rxe4+ 73. Kf5 Re1 74. h6 Rf1+ 75. Kg6 Rg1+ 76. Kf7 Kd5 77.
h7 Rh1 78. Kg7 Ke5 79. Rg6 Kf5 80. Rg2 1-0

[Event "Deutsche Ländermeisterschaft 2014"]
[Site "Hannover GER"]
[Date "2014.10.05"]
[Round "4"]
[White "Wilke, Tabea"]
[Black "Schamber, Dennis"]
[Result "1-0"]
[Termination "normal"]
[Board "7.5"]
[WhiteElo "1750"]
[BlackElo "1552"]
[WhiteTeam "Hessen 2"]
[BlackTeam "Mecklenburg-Vorpommern"]
[PlyCount "81"]
[WhiteFideId "12910015"]
[BlackFideId "12952176"]
[EventCountry "GER"]
[EventRounds "7"]
[EventType "team-swiss"]
[EventDate "2014.10.02"]

1. e4 c5 2. Nc3 a6 3. f4 Nc6 4. Nf3 b5 5. d3 d6 6. Be2 g6 7. O-O Bg7 8. f5 Nf6
9. Nh4 O-O 10. Bd2 Nd4 11. Qc1 b4 12. Bd1 bxc3 13. bxc3 Nb5 14. a4 Nc7 15. Rf3
e6 16. fxg6 fxg6 17. Bg5 e5 18. Rg3 Ne6 19. Bh6 Nxe4 20. Nxg6 Nxg3 21. Nxf8
Qxf8 22. Bf3 Qxf3 23. hxg3 Qxg3 24. Bxg7 Kxg7 25. Rb1 Nf4 26. Qf1 Bh3 27. Qf3
Bxg2 28. Qxg3+ Kf7 29. Qh4 Rg8 30. Qxh7+ Rg7 31. Qf5+ Ke7 32. Kf2 Nh3+ 33. Ke1
Nf4 34. Rb8 Ne6 35. Qh5 Bc6 36. Rb6 Rg1+ 37. Kd2 Bxa4 38. Qh4+ Ng5 39. Qxa4
Nf3+ 40. Ke2 Rg2+ 41. Kxf3 1-0

[Event "Deutsche Ländermeisterschaft 2014"]
[Site "Hannover GER"]
[Date "2014.10.05"]
[Round "4"]
[White "Wurst, Benedikt"]
[Black "Krastev, Alexander"]
[Result "0-1"]
[Termination "normal"]
[Board "7.6"]
[WhiteElo "1437"]
[BlackElo "1689"]
[WhiteTeam "Mecklenburg-Vorpommern"]
[BlackTeam "Hessen 2"]
[PlyCount "50"]
[WhiteFideId "12991791"]
[BlackFideId "12989983"]
[EventCountry "GER"]
[EventRounds "7"]
[EventType "team-swiss"]
[EventDate "2014.10.02"]

1. e4 d5 2. exd5 Qxd5 3. Nc3 Qd6 4. Nf3 Nf6 5. d3 a6 6. Be2 b5 7. a3 Bb7 8. O-O
Nbd7 9. Be3 e6 10. h3 Be7 11. Nd2 c5 12. Bf3 Nd5 13. Nde4 Qb6 14. Nxd5 exd5 15.
Ng3 Ne5 16. Bd2 O-O 17. Re1 Qc7 18. Nf5 Bf6 19. Rb1 Rad8 20. Kh1 Rfe8 21. Bc3
Nxf3 22. Rxe8+ Rxe8 23. gxf3 Qf4 24. Bxf6 Qxf5 25. Bh4 Qxh3+ 0-1

[Event "Deutsche Ländermeisterschaft 2014"]
[Site "Hannover GER"]
[Date "2014.10.05"]
[Round "4"]
[White "Reinecke, Katharina"]
[Black "Jörs, Pia-Milena"]
[Result "0-1"]
[Termination "normal"]
[Board "7.7"]
[WhiteElo "1647"]
[BlackElo "1222"]
[WhiteTeam "Hessen 2"]
[BlackTeam "Mecklenburg-Vorpommern"]
[PlyCount "110"]
[WhiteFideId "12929727"]
[BlackFideId "12964646"]
[EventCountry "GER"]
[EventRounds "7"]
[EventType "team-swiss"]
[EventDate "2014.10.02"]

1. d4 Nf6 2. c4 d6 3. g3 Nbd7 4. Bg2 e5 5. Nf3 Be7 6. Nc3 O-O 7. O-O c6 8. e4
Re8 9. Re1 h6 10. h3 Nh7 11. Kh2 Ng5 12. Nh4 Nf6 13. Nf5 Bxf5 14. exf5 Nd7 15.
f4 exf4 16. Bxf4 Bf8 17. Qd3 Nh7 18. Ne4 Ndf6 19. Nc3 Qd7 20. b4 Rxe1 21. Rxe1
Rd8 22. d5 c5 23. bxc5 dxc5 24. Nb5 a6 25. Nc3 Bd6 26. Bd2 Rb8 27. Rb1 Re8 28.
Ne2 Ng5 29. Nf4 Nge4 30. Bxe4 Nxe4 31. Re1 Qxf5 32. Kg2 g5 33. g4 Qh7 34. Nh5
Qg6 35. Rxe4 Rxe4 36. Nf6+ Qxf6 37. Qxe4 Qb2 38. Qe8+ Kh7 39. Qe2 Bf4 40. Bc3
Qxc3 41. Kg1 Qg3+ 42. Kf1 Qxh3+ 43. Kg1 Qe3+ 44. Qxe3 Bxe3+ 45. Kg2 Bf4 46. Kf3
h5 47. gxh5 f5 48. a4 Kh6 49. a5 Kxh5 50. Kg2 Kg4 51. Kh1 Kh3 52. Kg1 g4 53.
Kh1 g3 54. d6 Bxd6 55. Kg1 g2 0-1

[Event "Deutsche Ländermeisterschaft 2014"]
[Site "Hannover GER"]
[Date "2014.10.05"]
[Round "4"]
[White "Eulitz, Charlotte"]
[Black "Bürmann, Theresia"]
[Result "0-1"]
[Termination "normal"]
[Board "7.8"]
[WhiteElo "1469"]
[BlackElo "1253"]
[WhiteTeam "Mecklenburg-Vorpommern"]
[BlackTeam "Hessen 2"]
[PlyCount "140"]
[WhiteFideId "12964654"]
[BlackFideId "12960241"]
[EventCountry "GER"]
[EventRounds "7"]
[EventType "team-swiss"]
[EventDate "2014.10.02"]

1. e4 d5 2. exd5 Qxd5 3. Nc3 Qa5 4. d4 c6 5. Nf3 Nf6 6. Bd2 Qc7 7. Bd3 e6 8.
O-O Bd6 9. h3 Nbd7 10. Re1 b6 11. a4 Bb7 12. Ne4 Nxe4 13. Bxe4 Nf6 14. Bd3 O-O
15. c4 Rfe8 16. Rc1 Bf8 17. Ne5 g6 18. Bg5 Be7 19. c5 Nd5 20. Bd2 Bf6 21. Qf3
Qe7 22. b3 Rac8 23. Bc4 Red8 24. Bxd5 Rxd5 25. cxb6 axb6 26. Bc3 c5 27. dxc5
Rxe5 28. Qd3 Rxe1+ 29. Rxe1 Bxc3 30. Qxc3 Qxc5 31. Qf6 Qc6 32. f3 Qc5+ 33. Kh2
Qf5 34. Qe7 Qf4+ 35. Kg1 Qc7 36. Qf6 Qc3 37. Re5 Qd4+ 38. Kh2 Rc5 39. f4 Rxe5
40. fxe5 Qd2 41. Qf1 Qc3 42. Qf6 Qd4 43. Kg3 Qd5 44. Kf4 Qe4+ 45. Kg3 Qxg2+ 46.
Kf4 Qf3+ 47. Kg5 Qxf6+ 48. Kxf6 Bd5 49. b4 Kf8 50. h4 h6 51. a5 bxa5 52. bxa5
Bc4 53. a6 h5 54. a7 Bd5 55. Kg5 Kg7 56. Kf4 f6 57. a8=Q Bxa8 58. Kg3 fxe5 59.
Kf2 e4 60. Ke3 Kf6 61. Kf4 e5+ 62. Ke3 Kf5 63. Kf2 Kf4 64. Ke2 e3 65. Ke1 Kf3
66. Kf1 Bb7 67. Kg1 e2 68. Kh1 e1=Q+ 69. Kh2 Qf2+ 70. Kh3 Qg2# 0-1

[Event "Deutsche Ländermeisterschaft 2014"]
[Site "Hannover GER"]
[Date "2014.10.05"]
[Round "4"]
[White "Eichstaedt, Mirko"]
[Black "Kitze, Alexander"]
[Result "1/2-1/2"]
[Termination "normal"]
[Board "8.1"]
[WhiteElo "1994"]
[BlackElo "2060"]
[WhiteTeam "Brandenburg"]
[BlackTeam "Sachsen-Anhalt"]
[PlyCount "55"]
[WhiteFideId "24692310"]
[BlackFideId "12914827"]
[EventCountry "GER"]
[EventRounds "7"]
[EventType "team-swiss"]
[EventDate "2014.10.02"]

1. d4 Nf6 2. Nf3 g6 3. g3 Bg7 4. Bg2 d5 5. O-O O-O 6. c4 dxc4 7. Na3 c3 8. bxc3
c5 9. Ne5 Nbd7 10. Nac4 Nxe5 11. Nxe5 Nd7 12. Nxd7 Qxd7 13. dxc5 Qb5 14. Be3
Bxc3 15. Rb1 Qa5 16. Bxb7 Bxb7 17. Rxb7 Qxa2 18. Qb3 Qxb3 19. Rxb3 Bf6 20. c6
Rfc8 21. Rc1 a5 22. Rc2 a4 23. Ra3 Ra6 24. c7 Be5 25. Rc4 Rxc7 26. Rcxa4 Rxa4
27. Rxa4 Kg7 28. Bd4 1/2-1/2

[Event "Deutsche Ländermeisterschaft 2014"]
[Site "Hannover GER"]
[Date "2014.10.05"]
[Round "4"]
[White "Heinemann, Josefine"]
[Black "Cech, Tim"]
[Result "1-0"]
[Termination "normal"]
[Board "8.2"]
[WhiteElo "2043"]
[BlackElo "1812"]
[WhiteTeam "Sachsen-Anhalt"]
[BlackTeam "Brandenburg"]
[PlyCount "121"]
[WhiteFideId "12900460"]
[BlackFideId "1270258"]
[EventCountry "GER"]
[EventRounds "7"]
[EventType "team-swiss"]
[EventDate "2014.10.02"]

1. e4 e6 2. d4 d5 3. Nc3 Nf6 4. e5 Nfd7 5. f4 c5 6. Nf3 Nc6 7. Be3 cxd4 8. Nxd4
Bc5 9. Qd2 Nxd4 10. Bxd4 Bxd4 11. Qxd4 Qb6 12. Nb5 O-O 13. Qxb6 Nxb6 14. O-O-O
Bd7 15. Nd4 a6 16. g3 f6 17. Nf3 f5 18. Nd4 Rac8 19. Bd3 Nc4 20. b3 Na5 21. Kb2
Nc6 22. c3 Rc7 23. Rc1 Rfc8 24. Rhd1 Kf7 25. Nf3 h6 26. h3 Na7 27. g4 g6 28.
Nd4 Nb5 29. Bxb5 Bxb5 30. Rg1 Bd7 31. Rg3 Rg8 32. Rcg1 Rcc8 33. gxf5 gxf5 34.
Rxg8 Rxg8 35. Rxg8 Kxg8 36. Ka3 Kf7 37. Kb4 b6 38. a4 a5+ 39. Ka3 Ke7 40. b4
axb4+ 41. cxb4 Kd8 42. a5 Kc7 43. Kb3 Kb7 44. axb6 Kxb6 45. Kc3 Ka6 46. Kd2 Kb6
47. Ke3 h5 48. Kf3 h4 49. Ke3 Ka6 50. Kd2 Kb6 51. Kc3 Kc7 52. Nf3 Bb5 53. Nxh4
Bf1 54. Nf3 Bxh3 55. Ng5 Bg2 56. Nxe6+ Kc8 57. b5 Kb7 58. Kb4 Kb6 59. Nd4 Bf1
60. e6 Kc7 61. b6+ 1-0

[Event "Deutsche Ländermeisterschaft 2014"]
[Site "Hannover GER"]
[Date "2014.10.05"]
[Round "4"]
[White "Tiarks, Jann-Christian"]
[Black "Pallas, Sebastian"]
[Result "0-1"]
[Termination "normal"]
[Board "8.3"]
[WhiteElo "1686"]
[BlackElo "1947"]
[WhiteTeam "Brandenburg"]
[BlackTeam "Sachsen-Anhalt"]
[PlyCount "138"]
[WhiteFideId "12951595"]
[BlackFideId "12905453"]
[EventCountry "GER"]
[EventRounds "7"]
[EventType "team-swiss"]
[EventDate "2014.10.02"]

1. e4 c5 2. Nc3 d6 3. g3 Nc6 4. Bg2 g6 5. d3 Bg7 6. Nge2 e6 7. Be3 Nd4 8. Qd2
Ne7 9. O-O O-O 10. f4 Rb8 11. Nd1 b5 12. c3 Nxe2+ 13. Qxe2 Bb7 14. Nf2 Nc6 15.
Rad1 Qe7 16. a3 Rfc8 17. g4 f5 18. g5 a6 19. Rfe1 Re8 20. Qc2 Qf7 21. Qb1 b4
22. Qc2 Rbc8 23. Rd2 bxc3 24. bxc3 Nd4 25. Qb2 Nb5 26. Rc2 Rb8 27. Qc1 fxe4 28.
Nxe4 Bxe4 29. dxe4 e5 30. a4 Nc7 31. Rf1 exf4 32. Bxf4 Qe7 33. Rd2 Rbd8 34. h4
Be5 35. Rdf2 Rf8 36. Qd2 Kg7 37. Qd3 Bxf4 38. Rxf4 Rxf4 39. Rxf4 Rf8 40. Qf1
Rxf4 41. Qxf4 a5 42. Qg4 Qe6 43. Qf3 Qe7 44. Qg4 Qe8 45. Bh3 Na8 46. Bf1 Nb6
47. Bb5 Qe5 48. Qf3 Qe7 49. Qd3 h6 50. Qe3 hxg5 51. hxg5 Qe5 52. Kg2 Nd5 53.
Qf3 Qxg5+ 54. Kh1 Nf4 55. Kh2 Qh4+ 56. Kg1 g5 57. e5 Qe1+ 58. Kh2 Qxe5 59. Qb7+
Kh6 60. Qf3 Qd5 61. Qf2 Qf5 62. Bf1 Qg4 63. Qe1 d5 64. Qe3 d4 65. cxd4 cxd4 66.
Qe7 Qh4+ 67. Kg1 Qg3+ 68. Kh1 Qf3+ 69. Kg1 Qe3+ 0-1

[Event "Deutsche Ländermeisterschaft 2014"]
[Site "Hannover GER"]
[Date "2014.10.05"]
[Round "4"]
[White "Stein, Robert"]
[Black "Wolff, Marie Antoinette"]
[Result "1-0"]
[Termination "normal"]
[Board "8.4"]
[WhiteElo "1885"]
[BlackElo "1714"]
[WhiteTeam "Sachsen-Anhalt"]
[BlackTeam "Brandenburg"]
[PlyCount "101"]
[WhiteFideId "12921084"]
[BlackFideId "12908258"]
[EventCountry "GER"]
[EventRounds "7"]
[EventType "team-swiss"]
[EventDate "2014.10.02"]

1. e4 c5 2. Nf3 Nc6 3. d4 cxd4 4. Nxd4 d6 5. Nc3 Nf6 6. f3 g6 7. Be3 Bg7 8. Qd2
O-O 9. Bc4 Bd7 10. O-O-O Rc8 11. Bb3 Nxd4 12. Bxd4 b5 13. Nd5 Nxd5 14. Bxg7
Kxg7 15. exd5 a5 16. a3 Qc7 17. g4 e6 18. h4 exd5 19. h5 Be6 20. Rde1 a4 21.
Ba2 Rfe8 22. Rh2 Kg8 23. hxg6 fxg6 24. Rxe6 Rxe6 25. Qxd5 Rce8 26. Re2 Qe7 27.
Qxe6+ Qxe6 28. Rxe6 Rxe6 29. Bxe6+ Kg7 30. Kd2 Kf6 31. Bd7 Kg5 32. Ke3 d5 33.
Bxb5 d4+ 34. Ke4 h5 35. gxh5 gxh5 36. Bxa4 h4 37. Bd7 Kh5 38. a4 Kg5 39. a5 Kf6
40. a6 Ke7 41. a7 d3 42. Kxd3 Kxd7 43. a8=Q h3 44. Qh8 h2 45. Qxh2 Kc6 46. Qh5
Kb6 47. Kc4 Ka6 48. Qb5+ Ka7 49. Kc5 Ka8 50. Kc6 Ka7 51. Qb7# 1-0